000 01137nam a22003497a 4500
003 CHAP
005 20220817044506.0
008 111021s2007 it r 00010 eng d
010 _a102431
011 _a103403
020 _a9789251056905
035 _a114092
040 _cCHAP
082 0 4 _a639.2
_bF46y v.824
110 2 _aFAO
245 1 0 _aReport of the technical consultation on development and management of the fisheries of Lake Kariba (3o.)
_c/por FAO
260 _aRoma :
_bFAO,
_c2007
300 _av, 13 p.
490 0 _aFAO. Informe de pesca
_v; 824
500 _aSiavonga, Zambia, 26 - 27 October, 2006
590 _aBATCH-UPD
_b10
_c20130110
_lUCH01
_h1045
590 _aBATCH-UPD
_b10
_c20130410
_lUCH01
_h0644
590 _aCONVERSION
_b10
_c20130109
_lUCH01
_h1356
650 1 4 _aDesarrollo pesquero.
_932064
650 1 4 _aPesca lacustre.
_987437
650 1 4 _aPesca sostenible.
_987440
650 1 4 _aPesca
_zKariba, Lago.
_987423
830 0 _aFAO. Informe de pesca
_v; 824
_939587
901 _aBK
942 _cLIBRO
949 _a639.2 F46y v.824
_bBC
_cFAO
_d33724002087033
_eFAO1
_gDonaciØn
_h115003
_i114092
_sb
999 _c102431
_d102431